书目信息 |
| 题名: |
索伯列夫空间引论
|
|
| 作者: | 李立康 , 郭毓陶 编著 | |
| 分册: | ||
| 出版信息: | 上海 上海科学技术出版社 1981 |
|
| 页数: | 222页 | |
| 开本: | 19cm | |
| 丛书名: | 计算数学丛书 | |
| 单 册: | ||
| 中图分类: | O177.3 , O175.2 | |
| 科图分类: | ||
| 主题词: | 索伯列夫空间--概论 , 数学分析 | |
| 电子资源: | ||
| ISBN: | ||
| 000 | 00812nam2 2200301 45 | |
| 001 | 0181004953 | |
| 005 | 20061121144849.28 | |
| 010 | @dCNY0.68 | |
| 091 | @a13119.876 | |
| 100 | @a19950531d1981 emky0chiy0121 ea | |
| 101 | 0 | @achi |
| 102 | @aCN@b310000 | |
| 105 | @ay z 000yy | |
| 106 | @ar | |
| 200 | 10 | @a索伯列夫空间引论@Asuo bo lie fu kong jian yin lun@f李立康, 郭毓陶编著 |
| 210 | @a上海@c上海科学技术出版社@d1981 | |
| 215 | @a222页@d19cm | |
| 225 | 2 | @a计算数学丛书 |
| 410 | 0 | @120010@a计算数学丛书 |
| 606 | @a索伯列夫空间@x概论 | |
| 606 | 0 | @a数学分析 |
| 690 | @aO177.3@v3 | |
| 690 | @aO175.2@v3 | |
| 701 | 0 | @a李立康@Ali li kang@4编著 |
| 701 | 0 | @a郭毓陶@Aguo yu tao@4编著 |
| 801 | 0 | @aCN@b上海图书馆@c20061121 |
| 801 | 2 | @aCN@bNLC@c20040521 |
| 905 | @dO175.2@eL200@f1@b133119 | |
| 索伯列夫空间引论/李立康, 郭毓陶编著.-上海:上海科学技术出版社,1981 |
| 222页;19cm.-(计算数学丛书) |
| ISBN :CNY0.68 |
| ● |
| 相关链接 |
|
|
|
|
正题名:索伯列夫空间引论
索取号:O175.2/L200
 
预约/预借
| 序号 | 登录号 | 条形码 | 馆藏地/架位号 | 状态 | 备注 |
| 1 | 0133116 | 000424259 | 第三借阅区/ [索取号:O175.2/L200] | 在馆 | |
| 2 | 0133117 | 000424268 | 第三借阅区/ [索取号:O175.2/L200] | 在馆 | |
| 3 | 0133118 | 000424277 | 第三借阅区/ [索取号:O175.2/L200] | 在馆 | |
| 4 | 0133119 | 001940216 | 第三借阅区/ [索取号:O175.2/L200] | 在馆 | |
| 5 | 0133120 | 000424286 | 第二样本阅览室/ [索取号:O175.2/L200] | 在馆 |